Rúben Amorim's Manchester United - Statistics

General Stats
  • This quiz has been taken 48 times
  • The average score is 28 of 37
Answer Stats
Rank Player Position Nationality Matches Goals Assists % Correct
1 Bruno Fernandes Attacking Midfield 58 20 19
100%
8 Amad Diallo Right Winger 43 10 11
95%
13 Alejandro Garnacho Left Winger 40 4 6
93%
16 André Onana Goalkeeper 35 0 0
93%
2 Diogo Dalot Right-Back 54 4 5
93%
12 Harry Maguire Centre-Back 40 5 2
93%
5 Manuel Ugarte Defensive Midfield 49 2 6
93%
10 Rasmus Højlund Centre-Forward 40 8 3
93%
7 Casemiro Defensive Midfield 44 6 4
91%
3 Leny Yoro Centre-Back 53 1 2
91%
17 Luke Shaw Left-Back 32 0 1
91%
9 Matthijs de Ligt Centre-Back 41 2 0
91%
21 Victor Lindelöf Centre-Back 18 0 0
91%
23 Benjamin Sesko Centre-Forward 17 2 1
89%
22 Bryan Mbeumo Right Winger 17 7 1
89%
6 Joshua Zirkzee Centre-Forward 46 8 2
89%
14 Kobbie Mainoo Central Midfield 40 2 2
89%
18 Lisandro Martínez Centre-Back 24 2 2
89%
19 Christian Eriksen Attacking Midfield 22 1 3
86%
15 Mason Mount Attacking Midfield 37 6 1
86%
4 Noussair Mazraoui Right-Back 49 0 1
86%
11 Patrick Dorgu Left-Back 40 1 3
86%
20 Matheus Cunha Centre-Forward 18 4 1
84%
25 Altay Bayındır Goalkeeper 14 0 0
80%
26 Senne Lammens Goalkeeper 14 0 0
80%
24 Ayden Heaven Centre-Back 16 0 1
77%
28 Tyrell Malacia Left-Back 9 0 0
77%
29 Antony Right Winger 9 0 0
68%
32 Marcus Rashford Left Winger 6 3 0
57%
30 Chido Obi Centre-Forward 8 0 0
52%
34 Jonny Evans Centre-Back 3 1 0
50%
35 Jack Fletcher Attacking Midfield 3 0 0
48%
31 Harry Amass Left-Back 7 0 0
39%
33 Tyler Fredricson Centre-Back 4 0 0
39%
27 Toby Collyer Defensive Midfield 10 0 0
34%
36 Shea Lacey Right Winger 1 0 0
23%
37 Bendito Mantato Right Winger 1 0 0
11%
No matching quizzes found
Score Distribution
Percent of People with Each Score
Percentile by Number Answered
Your Score History
You have not taken this quiz